000 00421nam a2200193Ia 4500
003 OSt
005 20251103112620.0
008 250729s2003 xx 000 0 und d
020 _a9780387915623
040 _cAL
041 _aeng
082 _a574.2 WING
100 _aWinter P C
_9223720
245 _aGenetics
260 _aNew Delhi
_c2003
300 _a374p
650 _aBiology
_9223721
942 _2ddc
_cBED
999 _c236049
_d236049